Ombudsman: an Indian perspective (Record no. 2100)

MARC details
000 -LEADER
fixed length control field 00546nam a2200193Ia 4500
020 ## - INTERNATIONAL STANDARD BOOK NUMBER
ISBN 81-85445-59-1
082 ## - DEWEY DECIMAL CLASSIFICATION NUMBER
Classification number 342.54066 GUP-;
100 ## - MAIN ENTRY--AUTHOR NAME
Personal name Gupta, Subhash Chandra
245 #0 - TITLE STATEMENT
Title Ombudsman: an Indian perspective
260 ## - PUBLICATION, DISTRIBUTION, ETC. (IMPRINT)
Place of publication New Delhi
Name of publisher Manak Publications
Year of publication 1995
300 ## - PHYSICAL DESCRIPTION
Number of Pages 273p.
504 ## - BIBLIOGRAPHY, ETC. NOTE
Bibliography, etc Includes index
650 ## - SUBJECT ADDED ENTRY--TOPICAL TERM
Topical Term Administrative law - India
650 ## - SUBJECT ADDED ENTRY--TOPICAL TERM
Topical Term Ombudsman - India
650 ## - SUBJECT ADDED ENTRY--TOPICAL TERM
Topical Term Abuse of administrative power - India
650 ## - SUBJECT ADDED ENTRY--TOPICAL TERM
Topical Term Political corruption - India
650 ## - SUBJECT ADDED ENTRY--TOPICAL TERM
Topical Term Legislative bodies - India
942 ## - ADDED ENTRY ELEMENTS (KOHA)
Koha item type Books
Holdings
Withdrawn status Lost status Damaged status Not for loan Home library Current library Date acquired Bill Date Full call number Accession Number Price effective from Koha item type
        NASSDOC Library NASSDOC Library 08/06/2004 2008-12-30 342.54066 GUP-; 36196 18/04/2019 Books
        NASSDOC Library NASSDOC Library 08/06/2004 2008-12-30 342.54066 GUP-; 36332 18/04/2019 Books